00893cam a2200217 a 450000100100000000500170001000800410002702000150006804000250008308200200010810000390012824501510016726000580031830000410037650400420041758600380045965000470049765000470054465100510059165000330064200001198420200929162638.0050812s2005 ck ab b 001 0 spa  a9588250048 aDO-SdBNPbspacBNPHU a133.4309bM467b1 aMaya Restrepo, Luz Adriana.d1962-10aBrujería y reconstrucción de identidades entre los Africanos y sus descendientes en la Nueva Granada, siglo XVII /cLuz Adriana Maya Restrepo. aBogotá, (Colombia) :bMinisterio de Cultura,c2005. a808 p. :bcol. il. ; mapas ;c21 cm. aIncluye referencias bibliográficas. aPremio nacional de historia, 2003 4aBrujeríazColombiaxHistoriaySIGLO XVII 4aEsclavitudzColombiaxHistoriaySIGLO XVII 4aColombiaxVida Social Y CostumbresySIGLO XVII 4aNegroszColombiaxReligión